| 000 | 00422nam a22001457a 4500 | ||
|---|---|---|---|
| 999 |
_c109548 _d109548 |
||
| 005 | 20181213103737.0 | ||
| 008 | 181213b ||||| |||| 00| 0 eng d | ||
| 040 | _cPK-LaUMT | ||
| 082 |
_aRHC 891.43994811 _bANS-U |
||
| 100 | _aAnsar Ullah , Muhammad | ||
| 245 |
_aUrdu per tamil kay asraat(اردو پر تمل کے اثرات)/ _cMuhammad Ansar Ullah |
||
| 260 |
_aعلی گڑھ: _c1989 |
||
| 300 | _a115 | ||
| 942 | _cBK | ||